| 000 | 00518nam a2200181Ia 4500 | ||
|---|---|---|---|
| 008 | 240925s9999 xx 000 0 und d | ||
| 020 | _a8187522038 | ||
| 082 | _a005.73 PAT | ||
| 100 | _aPatel , R. B; Rauthan ,M. M. S. | ||
| 245 | 0 | _aExpert Data Structures with C++ | |
| 250 | _aNA | ||
| 260 |
_aNew Delhi: _bKhanna Publishers _c,1999. |
||
| 300 |
_aVarious pages _bNA _fPirated |
||
| 500 | _aIncludes Index | ||
| 600 | _aComputer Science | ||
| 650 | _aComputer science, information & general works | ||
| 942 | _cBK | ||
| 999 |
_c6237 _d6237 |
||